[Event "DSOL 08 Liga Gr-B 1st"]
[Site "Playchess.com INT"]
[Date "2020.07.31"]
[Round "6.3"]
[White "Perlitz, Juergen"]
[Black "Siegel, Lukas"]
[Result "1-0"]
[WhiteElo "1575"]
[BlackElo "1203"]
[PlyCount "115"]
[EventDate "2020.06.22"]
[EventType "team-tourn (rapid)"]
[EventCountry "GER"]
[SourceTitle "EXT 2021"]
[Source "ChessBase"]
[SourceDate "2020.10.23"]
[SourceVersion "1"]
[SourceVersionDate "2020.10.23"]
[SourceQuality "1"]
[WhiteTeam "Greiz"]
[BlackTeam "Ketsch III"]
[WhiteTeamCountry "GER"]
[BlackTeamCountry "GER"]

1. d4 Nf6 2. Nf3 e6 3. e3 Be7 4. Bd3 d5 5. Nbd2 0-0 6. 0-0 c5 7. c3 Nc6 8. Re1 Bd7 9. e4 dxe4 10. Nxe4 cxd4 11. cxd4 Nd5 12. a3 Bf6 13. Nxf6+ Qxf6 14. Bg5 Nxd4 15. Bxf6 Nxf3+ 16. Qxf3 Nxf6 17. Rac1 Bc6 18. Qh3 Rfd8 19. Red1 h6 20. Be2 Nd5 21. Qh4 g5 22. Qxh6 f6 23. Qg6+ Kf8 24. Bg4 Be8 25. Qh6+ Ke7 26. Qh7+ Bf7 27. Bh5 Rf8 28. Bxf7 Rxf7 29. Qe4 Rd8 30. g3 f5 31. Qe5 f4 32. Qxg5+ Rf6 33. Rc7+ Nxc7 34. Rxd8 Kxd8 35. Qxf6+ Kd7 36. h4 fxg3 37. fxg3 Nd5 38. Qf7+ Kd6 39. h5 Ke5 40. h6 Nf6 41. Qg7 Kf5 42. h7 Nxh7 43. Qxh7+ Ke5 44. Qxb7 Kf5 45. Qf7+ Ke4 46. g4 e5 47. g5 Kd3 48. g6 e4 49. g7 e3 50. g8Q Ke2 51. Qg2+ Kd3 52. Kf1 e2+ 53. Qxe2+ Kd4 54. Qf4+ Kc5 55. Qee5+ Kb6 56. Qff6+ Kb7 57. Qee7+ Ka8 58. Qff8# 1-0